Planning for Teaching an Introduction to Education. (Record no. 1101)

MARC details
000 -LEADER
fixed length control field 00390nam a22001217a 4500
005 - DATE AND TIME OF LATEST TRANSACTION
control field 20200824161248.0
008 - FIXED-LENGTH DATA ELEMENTS--GENERAL INFORMATION
fixed length control field 200824b ||||| |||| 00| 0 eng d
020 ## - INTERNATIONAL STANDARD BOOK NUMBER
International Standard Book Number 070523428
040 ## - CATALOGING SOURCE
Transcribing agency CML
245 ## - TITLE STATEMENT
Title Planning for Teaching an Introduction to Education.
Statement of responsibility, etc. Richey, R.W.
260 ## - PUBLICATION, DISTRIBUTION, ETC.
Place of publication, distribution, etc. New york
Name of publisher, distributor, etc. McGraw-Hill Book Company
Date of publication, distribution, etc. 1912
942 ## - ADDED ENTRY ELEMENTS (KOHA)
Source of classification or shelving scheme Dewey Decimal Classification
Koha item type Books
Edition Fifth Edition
Classification part 371
Call number suffix RIC
Holdings
Withdrawn status Lost status Source of classification or shelving scheme Damaged status Not for loan Collection code Home library Current library Shelving location Date acquired Total Checkouts Full call number Date last seen Copy number Price effective from Koha item type
    Dewey Decimal Classification     Social Sciences Chalimbana Main Library Chalimbana Main Library Social Sciences 08/24/2020   371.100 RIC 08/24/2020 1 08/24/2020 Books

Powered by Koha